Cuaderno de viaje : Comarcas de Barcelona : Propuestas únicas y experiencias inolvidables Comarcas de Barcelona : Propuestas únicas y experiencias inolvidables

Publicat: Barcelona : Diputació de Barcelona , 2024
Descripció física: 1 targeta postal ; il·lustracions color ; 10 x 15 cm
Idioma: Català , Espanyol

MARC

LEADER 00000nkm a22000007a 4500
001 28871
003 AGDB
005 20260324181531.0
008 250519b spa||||| |||| 00| 0 cat d
017 |a B 23617-2024 
040 |a agdb  |b cat 
041 |a spa 
245 |a Cuaderno de viaje :   |b Comarcas de Barcelona : Propuestas únicas y experiencias inolvidables 
260 |a Barcelona :   |b Diputació de Barcelona ;   |c 2024 
300 |a 1 targeta postal ;   |b il·lustracions color ;   |c 10 x 15 cm 
610 2 0 |a Barcelona és Molt Més  |9 51323 
650 0 |a Productes turístics  |z Barcelona (Catalunya : Província)  |9 72067 
655 0 |a Targetes postals  |9 52685 
710 |a Barcelona (Catalunya : Província).  |b Àrea de Desenvolupament Econòmic i Turisme  |9 71481 
942 |2 udc  |c ARXIU  |n 1 
952 |0 0  |1 0  |4 0  |6 NBM1825  |7 1  |9 98113  |a Arxiu  |b Arxiu  |d 2025-05-19  |l 0  |o NBM-18-25  |p 28871  |r 2025-05-19 00:00:00  |w 2025-05-19  |y ARXIU 
999 |c 129895  |d 129895